[Event "Chess Olympiad 2012"]
[Site "?"]
[Date "????.??.??"]
[Round "5"]
[White "Jones, Gawain"]
[Black "Harikrishna, Pentala"]
[Result "1/2-1/2"]
[WhiteElo "2653"]
[BlackElo "2685"]
[PlyCount "137"]

1. c4 Nf6 2. Nc3 e6 3. d4 Bb4 4. Qc2 d5 5. cxd5 Qxd5 6. Nf3 Qf5 7. Qxf5 exf5 8.
Bd2 c6 9. e3 O-O 10. Bd3 Re8 11. O-O Bd6 12. Rfd1 g6 13. Be1 Nd5 14. a3 Nd7 15.
Nxd5 cxd5 16. Bb4 Bb8 17. Rdc1 a5 18. Be7 Bxh2+ 19. Kxh2 Rxe7 20. Rc7 Kf8 21.
Rac1 Nb6 22. Ng5 h6 23. Nh7+ Ke8 24. Nf6+ Kd8 25. R7c5 Be6 26. Rb5 Rc7 27. Rcc5
Rxc5 28. dxc5 Nd7 29. Nxd7 Kxd7 30. Rxb7+ Kc6 31. Rb5 a4 32. Kg3 Bd7 33. Kf4
Kc7 34. Rb4 f6 35. Bb5 g5+ 36. Kf3 Bxb5 37. Rxb5 Ra6 38. b4 axb3 39. Rxb3 h5
40. g3 Kc6 41. Rb8 Kxc5 42. Rf8 Kc4 43. Rc8+ Kb5 44. Rf8 Kc5 45. Rf7 d4 46.
exd4+ Kxd4 47. Kg2 Kd5 48. Rh7 Rxa3 49. Rxh5 Ke5 50. Rh8 f4 51. Re8+ Kf5 52.
gxf4 Kxf4 53. Re6 f5 54. Rb6 g4 55. Rb4+ Kg5 56. Rb5 Rf3 57. Rb8 Rd3 58. Rb5
Rd4 59. Ra5 Kf4 60. Ra8 Rb4 61. Ra7 Ke5 62. Ra5+ Ke4 63. Ra8 f4 64. Rg8 g3 65.
Re8+ Kf5 66. Rf8+ Ke4 67. Re8+ Kf5 68. Rf8+ Ke4 69. Re8+ 1/2-1/2

[Event "Chess Olympiad 2012"]
[Site "?"]
[Date "????.??.??"]
[Round "5"]
[White "Negi, Parimarjan"]
[Black "Short, Nigel"]
[Result "1/2-1/2"]
[WhiteElo "2664"]
[BlackElo "2698"]
[PlyCount "123"]

1. e4 e6 2. d4 d5 3. e5 c5 4. c3 Nc6 5. Nf3 Bd7 6. Be2 Nge7 7. O-O Nf5 8. dxc5
Bxc5 9. Nbd2 Bb6 10. Bd3 Nh4 11. Nxh4 Qxh4 12. Nf3 Qh5 13. Re1 O-O-O 14. Bg5
Rdg8 15. Bb5 f6 16. Bxc6 Bxc6 17. Be3 Bc7 18. Bd4 Be8 19. Qe2 a6 20. Rac1 Kb8
21. Qe3 Ka8 22. b4 Ba4 23. c4 dxc4 24. Rxc4 Bb8 25. Rc5 Qe8 26. exf6 gxf6 27.
Bxf6 Qg6 28. Qg5 Qf7 29. Qh4 Rxg2+ 30. Kxg2 Rf8 31. Nd4 Qg6+ 32. Qg5 Rxf6 33.
Qxg6 Rxg6+ 34. Kf1 e5 35. Rcxe5 Bxe5 36. Rxe5 Rg4 37. Rd5 Ka7 38. a3 Re4 39.
Rd6 Be8 40. Re6 Rxd4 41. Rxe8 h5 42. Kg2 Rg4+ 43. Kh3 Rf4 44. Kg3 Rg4+ 45. Kf3
Rh4 46. Kg3 Rg4+ 47. Kh3 Rf4 48. Re2 Kb6 49. Kg2 Rg4+ 50. Kf1 Kb5 51. f3 Rf4
52. Re5+ Ka4 53. Ra5+ Kb3 54. Kf2 Rd4 55. h3 Rc4 56. Rxh5 Kxa3 57. b5 a5 58.
Rh7 a4 59. Rxb7 Rb4 60. Kg3 Kb2 61. Ra7 a3 62. h4 1/2-1/2

[Event "Chess Olympiad 2012"]
[Site "?"]
[Date "????.??.??"]
[Round "5"]
[White "Wojtaszek, Radoslaw"]
[Black "Peralta, Fernando"]
[Result "1/2-1/2"]
[WhiteElo "2717"]
[BlackElo "2606"]
[PlyCount "97"]

1. d4 Nf6 2. c4 e6 3. Nf3 d5 4. Nc3 Bb4 5. Bg5 Nbd7 6. cxd5 exd5 7. Qc2 c5 8.
g3 h6 9. Bf4 Ne4 10. Bg2 Qa5 11. Rc1 Qxa2 12. Nd2 Bxc3 13. bxc3 Qxc2 14. Rxc2
Nxd2 15. Kxd2 Nf6 16. Be5 O-O 17. Bxf6 gxf6 18. dxc5 Be6 19. Ra1 Rfc8 20. Ra5
Rc7 21. Rb2 Rac8 22. Rxa7 Rxc5 23. Ra3 b5 24. e3 Kf8 25. Bf1 Bd7 26. Rb4 R8c7
27. Bd3 Kg7 28. Kc2 Rc8 29. Kb2 R8c7 30. Rbb3 Rb7 31. Ra6 Be6 32. Ra5 Bd7 33.
Rba3 Rcc7 34. Rb3 Rc5 35. Ra1 Kf8 36. Be2 Kg7 37. Rb4 Rbc7 38. Rc1 Ra7 39. Rb3
Rb7 40. Ka3 Ra7+ 41. Kb2 Rb7 42. Rd1 Kf8 43. Rd4 Ra7 44. Rh4 Kg7 45. Rhb4 Rb7
46. Ra3 Rbc7 47. Rbb3 Rb7 48. Ra5 Rbc7 49. Bd3 1/2-1/2

[Event "Chess Olympiad 2012"]
[Site "?"]
[Date "????.??.??"]
[Round "5"]
[White "Mchedlishvili, Mikheil"]
[Black "Le, Quang Liem"]
[Result "1/2-1/2"]
[WhiteElo "2659"]
[BlackElo "2693"]
[PlyCount "202"]

1. d4 d5 2. c4 c6 3. Nf3 Nf6 4. e3 Bf5 5. Nc3 e6 6. Nh4 Be4 7. f3 Bg6 8. Qb3
Qc7 9. Bd2 Be7 10. Rc1 dxc4 11. Bxc4 Bh5 12. f4 Nbd7 13. O-O O-O 14. Nf3 Rad8
15. Ng5 Nc5 16. Qc2 Bg6 17. Qd1 Nd3 18. Rc2 Nb4 19. Rc1 c5 20. Qb3 Nc6 21. Ne2
h6 22. Nf3 Ne4 23. Bc3 Nd6 24. Ne5 Be4 25. dxc5 Nxc4 26. Qxc4 Bd5 27. Qb5 a6
28. Qb6 Qxb6 29. cxb6 Bc5 30. Kf2 Bxb6 31. Nxc6 Bxc6 32. Bd4 Bc7 33. Rfd1 f6
34. Bc5 Rfe8 35. Rxd8 Rxd8 36. Nd4 Bd5 37. a3 Kf7 38. Ne2 Bc6 39. Nd4 Be4 40.
Bb4 Rd7 41. g3 g5 42. Nb3 b6 43. Nd2 Ba8 44. Bc3 e5 45. f5 g4 46. e4 Bd6 47.
Ke2 Bc6 48. Bb4 Bb5+ 49. Ke1 Rc7 50. Rxc7+ Bxc7 51. b3 Bd3 52. a4 Ke8 53. Kd1
Kd7 54. Kc1 a5 55. Bf8 Bd6 56. Bxd6 Kxd6 57. Kb2 Kc5 58. Kc3 Ba6 59. Nb1 Bb7
60. Nd2 Bc6 61. Kd3 Kb4 62. Kc2 Bb7 63. Kd3 Ba6+ 64. Kc2 Be2 65. Nb1 Ba6 66.
Nd2 Bb7 67. Kd3 Bc6 68. Kc2 b5 69. axb5 Bxb5 70. Nb1 Bc6 71. Nd2 a4 72. bxa4
Bxa4+ 73. Kd3 Bb5+ 74. Kc2 Ba6 75. Nb1 Kc4 76. Kd2 Kd4 77. Nc3 Bc4 78. Nd1 h5
79. Nc3 Bb3 80. Nb5+ Kxe4 81. Nd6+ Kf3 82. Ne8 e4 83. Nxf6 e3+ 84. Ke1 Bc2 85.
Nxh5 Bxf5 86. Nf4 Bc8 87. Nd5 Ba6 88. Nf4 Bc4 89. Ng6 Ke4 90. Nf4 Kf3 91. Ng6
Be6 92. Ne5+ Ke4 93. Ng6 Bf7 94. Nf4 Kf3 95. Nd3 Be6 96. Nf4 Bf5 97. Nd5 Be4
98. Nf4 Bb7 99. Kf1 Ba6+ 100. Ke1 Bb5 101. Nd5 Bc4 1/2-1/2

[Event "Chess Olympiad 2012"]
[Site "?"]
[Date "????.??.??"]
[Round "5"]
[White "Caruana, Fabiano"]
[Black "Maznitsin, Andrei"]
[Result "1-0"]
[WhiteElo "2773"]
[BlackElo "2283"]
[PlyCount "69"]

1. d4 Nf6 2. c4 e6 3. g3 d5 4. Nf3 Be7 5. Bg2 O-O 6. O-O dxc4 7. Qa4 a6 8. Qxc4
b5 9. Qc2 Bb7 10. Bd2 Ra7 11. Rd1 Nc6 12. a3 Qa8 13. Be3 Nd5 14. Bg5 h6 15.
Bxe7 Ndxe7 16. Nc3 Nb8 17. e4 Nd7 18. b4 Nb6 19. Nd2 Rd8 20. Nb3 Nc4 21. Nc5
Bc6 22. a4 bxa4 23. d5 Be8 24. dxe6 a5 25. b5 Rxd1+ 26. Rxd1 Qb8 27. Rd4 Nd6
28. e5 Ndf5 29. exf7+ Bxf7 30. Rd7 Be8 31. e6 Qb6 32. Nd5 Nxd5 33. Bxd5 Nd6 34.
Qc3 Nf5 35. g4 1-0

[Event "Chess Olympiad 2012"]
[Site "?"]
[Date "????.??.??"]
[Round "5"]
[White "Gundavaa, Bayarsaikhan"]
[Black "Bologan, Viktor"]
[Result "0-1"]
[WhiteElo "2519"]
[BlackElo "2734"]
[PlyCount "80"]

1. d4 d6 2. c4 e5 3. Nf3 e4 4. Ng5 f5 5. Nc3 c6 6. Nh3 Nf6 7. f3 Be7 8. Qb3 O-O
9. Bg5 Nh5 10. Bxe7 Qxe7 11. f4 Na6 12. e3 Nc7 13. Be2 Nf6 14. Nf2 b5 15. cxb5+
Be6 16. Bc4 d5 17. Be2 cxb5 18. O-O Rfb8 19. Rfc1 a5 20. Qc2 Nfe8 21. a4 b4 22.
Nb1 Bf7 23. Nd2 Ne6 24. Bb5 N8c7 25. Bf1 g5 26. Nh3 h6 27. Nb3 Rb6 28. Qf2 g4
29. Qg3 Ng7 30. Nf2 Nh5 31. Rxc7 Qxc7 32. Qh4 Qc2 33. Nc5 Qxb2 34. Rd1 Qc3 35.
Nd7 Re6 36. Ne5 Ng7 37. Bb5 Be8 38. h3 Bxb5 39. axb5 Qxe3 40. hxg4 Qxf4 0-1

[Event "Chess Olympiad 2012"]
[Site "?"]
[Date "????.??.??"]
[Round "5"]
[White "Shirov, Alexei"]
[Black "Quinonez Centeno, Carlos"]
[Result "1-0"]
[WhiteElo "2706"]
[BlackElo "2293"]
[PlyCount "81"]

1. e4 e5 2. Nf3 Nf6 3. Nxe5 d6 4. Nf3 Nxe4 5. d4 Be7 6. Bd3 Nf6 7. O-O Bg4 8.
Nbd2 O-O 9. Nc4 Nbd7 10. Ne3 Bh5 11. Nf5 Re8 12. h3 Bf8 13. g4 Bg6 14. N3h4 c6
15. Nxg6 hxg6 16. Ng3 d5 17. g5 Ne4 18. Qg4 Bd6 19. Bxe4 Bxg3 20. Bd3 Bd6 21.
f4 Nf8 22. f5 gxf5 23. Qxf5 Qc7 24. Bd2 g6 25. Qg4 c5 26. dxc5 Bxc5+ 27. Kg2
Be3 28. Be1 Qe5 29. h4 Qxb2 30. Bg3 Rac8 31. Rab1 Qxa2 32. Rxb7 d4 33. Rfxf7
Rxc2+ 34. Kh3 Rc1 35. Qf3 Qe6+ 36. Bf5 Qc6 37. Qxc6 Rxc6 38. Bb1 Rb6 39. Ba2
Rxb7 40. Rxb7+ Ne6 41. Rb8 1-0

[Event "Chess Olympiad 2012"]
[Site "?"]
[Date "????.??.??"]
[Round "5"]
[White "Iturrizaga, Eduardo"]
[Black "Dominguez Perez, Leinier"]
[Result "0-1"]
[WhiteElo "2627"]
[BlackElo "2725"]
[PlyCount "41"]

1. d4 Nf6 2. c4 g6 3. f3 Bg7 4. e4 d6 5. Nc3 O-O 6. Be3 c5 7. Nge2 Nc6 8. Qd2
Qa5 9. Rc1 a6 10. b3 b5 11. dxc5 dxc5 12. Nd5 b4 13. e5 Nd7 14. Bg5 Ndxe5 15.
Bxe7 Nxe7 16. Nxe7+ Kh8 17. f4 Ng4 18. h3 Nf6 19. Nxc8 Raxc8 20. g3 Ne4 21. Qd3
0-1

[Event "Chess Olympiad 2012"]
[Site "?"]
[Date "????.??.??"]
[Round "6"]
[White "Kramnik, Vladimir"]
[Black "Aronian, Levon"]
[Result "1-0"]
[WhiteElo "2797"]
[BlackElo "2816"]
[PlyCount "69"]

1. d4 d5 2. c4 c6 3. Nc3 Nf6 4. cxd5 cxd5 5. Bf4 Nc6 6. e3 a6 7. Bd3 g6 8. h3
Bf5 9. Nf3 Bxd3 10. Qxd3 Bg7 11. O-O O-O 12. Rfc1 e6 13. Na4 Ne4 14. Nc5 Nxc5
15. Rxc5 Qd7 16. Rac1 Rfc8 17. a3 Bf8 18. R5c2 f6 19. Nd2 Bd6 20. Bxd6 Qxd6 21.
Nb3 Rc7 22. Na5 Rac8 23. Nxb7 Rxb7 24. Qxa6 Rbc7 25. b4 Qd7 26. Qb6 Qe8 27. b5
Nxd4 28. Rxc7 Ne2+ 29. Kh1 Nxc1 30. Rxc8 Qxc8 31. Qc6 Qd8 32. b6 Kf7 33. Qc7+
Ke8 34. Qa7 d4 35. b7 1-0

[Event "Chess Olympiad 2012"]
[Site "?"]
[Date "????.??.??"]
[Round "6"]
[White "Movsesian, Sergei"]
[Black "Grischuk, Alexander"]
[Result "1-0"]
[WhiteElo "2698"]
[BlackElo "2763"]
[PlyCount "101"]

1. c4 g6 2. e4 Bg7 3. d4 d6 4. Nc3 Nf6 5. Nf3 O-O 6. h3 e5 7. d5 a5 8. Bg5 Na6
9. Be2 Qe8 10. Nd2 Nd7 11. a3 h6 12. Bh4 Nb6 13. g4 a4 14. f3 Nc5 15. Qc2 c6
16. Bf2 Bd7 17. O-O-O cxd5 18. exd5 f5 19. Kb1 Rc8 20. Be3 Qd8 21. h4 e4 22.
fxe4 fxg4 23. h5 g5 24. Bxc5 Rxc5 25. e5 Bf5 26. Bd3 Bxd3 27. Qxd3 Bxe5 28.
Qg6+ Bg7 29. Nce4 Rxc4 30. Nxc4 Nxc4 31. Rdf1 g3 32. Rxf8+ Qxf8 33. Re1 Ne5 34.
Qe6+ Kh8 35. Nxg3 Nd3 36. Rf1 Nf4 37. Qd7 Qf6 38. Qc8+ Kh7 39. Qc2+ Kg8 40. Nf5
Nxh5 41. Re1 Nf4 42. Re7 Bf8 43. Rxb7 Nxd5 44. Qc8 Nf4 45. Ka1 Ne6 46. Nxd6 g4
47. Ne4 Qf1+ 48. Ka2 Ng7 49. Qc6 Qf5 50. Nf6+ Kh8 51. Rf7 1-0

[Event "Chess Olympiad 2012"]
[Site "?"]
[Date "????.??.??"]
[Round "6"]
[White "Karjakin, Sergey"]
[Black "Akopian, Vladimir"]
[Result "1/2-1/2"]
[WhiteElo "2785"]
[BlackElo "2687"]
[PlyCount "61"]

1. d4 Nf6 2. c4 e6 3. Nf3 b6 4. g3 Bb7 5. Bg2 Bb4+ 6. Bd2 c5 7. Bxb4 cxb4 8.
O-O O-O 9. Qb3 a5 10. a3 Na6 11. Nbd2 d6 12. Nh4 Bxg2 13. Nxg2 e5 14. Nf3 Re8
15. Ne3 e4 16. Nh4 Qd7 17. Nhg2 a4 18. Qc2 b3 19. Qd2 Nc7 20. Nf4 Ne6 21. Nxe6
Qxe6 22. Qb4 Reb8 23. Rac1 h5 24. Rfd1 Kh7 25. Kg2 h4 26. Qd2 h3+ 27. Kg1 Rc8
28. Qb4 Rcb8 29. Qd2 Rc8 30. Qb4 Rcb8 31. Qd2 1/2-1/2

[Event "Chess Olympiad 2012"]
[Site "?"]
[Date "????.??.??"]
[Round "6"]
[White "Radjabov, Teimour"]
[Black "Saric, Ivan"]
[Result "1-0"]
[WhiteElo "2788"]
[BlackElo "2638"]
[PlyCount "67"]

1. d4 d5 2. c4 c6 3. Nc3 Nf6 4. Nf3 e6 5. Bg5 dxc4 6. e4 b5 7. e5 h6 8. Bh4 g5
9. Nxg5 hxg5 10. Bxg5 Nbd7 11. g3 Rg8 12. h4 Rxg5 13. hxg5 Nd5 14. g6 fxg6 15.
Qg4 Qe7 16. Bg2 N7b6 17. Qxg6+ Qf7 18. Be4 Ne7 19. Qg4 Qg7 20. Qf3 Nbd5 21. Rh7
Qg8 22. Ke2 Nf5 23. Qh5+ Kd8 24. Nxd5 cxd5 25. Bxf5 exf5 26. Qh4+ Ke8 27. Qh5+
Kd8 28. Rh8 Qg7 29. Rh1 f4 30. Rh4 fxg3 31. Rf4 Bd7 32. Rhxf8+ Kc7 33. Rxa8 g2
34. Rxa7+ 1-0

[Event "Chess Olympiad 2012"]
[Site "?"]
[Date "????.??.??"]
[Round "6"]
[White "Mamedyarov, Shakhriyar"]
[Black "Brkic, Ante"]
[Result "1-0"]
[WhiteElo "2729"]
[BlackElo "2587"]
[PlyCount "63"]

1. d4 d5 2. c4 c6 3. Nc3 Nf6 4. e3 e6 5. Nf3 Nbd7 6. Qc2 Bd6 7. e4 dxe4 8. Nxe4
Nxe4 9. Qxe4 e5 10. dxe5 O-O 11. exd6 Re8 12. Qxe8+ Qxe8+ 13. Be3 Nf6 14. Bd3
Be6 15. O-O-O b5 16. c5 Bxa2 17. Bg5 Nd7 18. Rhe1 Be6 19. Be3 h6 20. Bc2 Qc8
21. Nd4 Nxc5 22. Nf5 Bxf5 23. Bxc5 Be6 24. f4 g6 25. g4 Bxg4 26. Rd4 Be6 27. f5
gxf5 28. Rg1+ Kh7 29. Rdg4 Qf8 30. Bd4 f6 31. Rg6 Rd8 32. Rxf6 1-0

[Event "Chess Olympiad 2012"]
[Site "?"]
[Date "????.??.??"]
[Round "6"]
[White "Kamsky, Gata"]
[Black "Khenkin, Igor"]
[Result "1/2-1/2"]
[WhiteElo "2746"]
[BlackElo "2656"]
[PlyCount "94"]

1. e4 c6 2. d4 d5 3. Nc3 dxe4 4. Nxe4 Bf5 5. Ng3 Bg6 6. h4 h6 7. Nf3 Nd7 8. h5
Bh7 9. Bd3 Bxd3 10. Qxd3 e6 11. Bd2 Ngf6 12. O-O-O Qc7 13. Ne4 O-O-O 14. g3 Nc5
15. Nxc5 Bxc5 16. c4 Qe7 17. Rh4 Rhe8 18. Kb1 Bb6 19. Qe2 c5 20. Rc1 Kb8 21.
Bc3 Ka8 22. a3 cxd4 23. Nxd4 Qd7 24. Nb3 Qd3+ 25. Rc2 e5 26. Qxd3 Rxd3 27. Re2
Rf3 28. c5 Bc7 29. Nd2 Rf5 30. Nc4 Rxh5 31. Rxh5 Nxh5 32. Nd6 Bxd6 33. cxd6 f6
34. Re1 Rd8 35. Rh1 g6 36. g4 Nf4 37. Rxh6 b6 38. g5 Rxd6 39. gxf6 Rxf6 40.
Bxe5 Rf5 41. Rh8+ Kb7 42. Rh7+ Kc6 43. Bd4 a5 44. Kc2 a4 45. Ra7 b5 46. Be3 g5
47. Rg7 Nh3 1/2-1/2

[Event "Chess Olympiad 2012"]
[Site "?"]
[Date "????.??.??"]
[Round "6"]
[White "Laznicka, Viktor"]
[Black "Vallejo Pons, Francisco"]
[Result "0-1"]
[WhiteElo "2683"]
[BlackElo "2697"]
[PlyCount "80"]

1. d4 e6 2. c4 Nf6 3. Nc3 Bb4 4. e3 O-O 5. Bd3 d5 6. Nf3 b6 7. O-O Bb7 8. cxd5
exd5 9. a3 Bd6 10. b4 a6 11. Qc2 Re8 12. b5 c5 13. a4 axb5 14. Nxb5 Bf8 15. Ba3
Na6 16. Rfd1 c4 17. Be2 Bxa3 18. Rxa3 Nc7 19. Nc3 b5 20. Rb1 Qe7 21. Qb2 Bc8
22. Qb4 Qxb4 23. Rxb4 Bd7 24. Ne5 Na6 25. Nxd7 Nxb4 26. Nxf6+ gxf6 27. Nxb5
Reb8 28. Nc3 Nc6 29. Kf1 Rb3 30. Rxb3 cxb3 31. Bg4 b2 32. Bf5 Ne7 33. Bd3 Rc8
34. Nb1 Rc1+ 35. Ke2 Nc6 36. Kd2 h6 37. g3 Kf8 38. Bc2 Nb4 39. Bf5 Ke7 40. a5
Kd8 0-1

[Event "Chess Olympiad 2012"]
[Site "?"]
[Date "????.??.??"]
[Round "6"]
[White "So, Wesley"]
[Black "Topalov, Veselin"]
[Result "1/2-1/2"]
[WhiteElo "2652"]
[BlackElo "2752"]
[PlyCount "95"]

1. d4 Nf6 2. c4 e6 3. Nc3 Bb4 4. Qc2 O-O 5. a3 Bxc3+ 6. Qxc3 d5 7. Nf3 dxc4 8.
Qxc4 b6 9. Bg5 Ba6 10. Qa4 c5 11. dxc5 bxc5 12. Rc1 h6 13. Bh4 Qe7 14. e4 Bxf1
15. Kxf1 g5 16. Bg3 Qb7 17. e5 Qe4 18. Qxe4 Nxe4 19. Rc4 Nxg3+ 20. hxg3 Kg7 21.
Rxc5 Nd7 22. Rc7 Nb6 23. Ke2 Nd5 24. Rc2 a5 25. b3 Rfd8 26. Nd4 a4 27. b4 Nxb4
28. Nxe6+ fxe6 29. axb4 Rd4 30. Rb1 Re4+ 31. Kd3 Rxe5 32. Ra2 Rc8 33. Kd2 Rd5+
34. Ke1 Kg6 35. Kf1 Kf6 36. Re1 Rc6 37. Rxa4 Rd2 38. Kg1 Rb2 39. g4 Rcc2 40.
Ra8 Kf7 41. Ra7+ Kf6 42. Ra6 Rxf2 43. Raxe6+ Kf7 44. Re7+ Kf8 45. Re8+ Kf7 46.
R1e7+ Kf6 47. Re6+ Kf7 48. R8e7+ 1/2-1/2

[Event "Chess Olympiad 2012"]
[Site "?"]
[Date "????.??.??"]
[Round "6"]
[White "Bartel, Mateusz"]
[Black "Almasi, Zoltan"]
[Result "0-1"]
[WhiteElo "2654"]
[BlackElo "2713"]
[PlyCount "126"]

1. Nf3 Nf6 2. c4 b6 3. g3 c5 4. Bg2 Bb7 5. O-O g6 6. Nc3 Bg7 7. d4 cxd4 8. Qxd4
d6 9. Be3 Nbd7 10. Rac1 Rc8 11. b3 O-O 12. Qh4 a6 13. Rfd1 Rc7 14. Bh3 Qb8 15.
g4 e6 16. g5 Ne8 17. Nd4 Nc5 18. Qg3 Be5 19. f4 Bg7 20. Bg2 e5 21. Nf3 exf4 22.
Qxf4 f6 23. Nd5 Bxd5 24. cxd5 Re7 25. Nd4 fxg5 26. Qxg5 Bf6 27. Qg3 Bxd4 28.
Bxd4 Ng7 29. b4 Nf5 30. Qg4 Nd7 31. Ba1 b5 32. Kh1 Qa7 33. Rf1 Qe3 34. Rc2 Ne5
35. Bxe5 Rxe5 36. Rf3 Rxd5 37. Rf1 Rd4 38. Qh3 Qxh3 39. Bxh3 Rxb4 40. Rc6 Ra4
41. e4 Ne7 42. Rxf8+ Kxf8 43. Rxd6 Rxa2 44. Rf6+ Kg7 45. Rb6 Re2 46. Rxa6 Rxe4
47. Rb6 b4 48. Kg1 h5 49. Kf2 Rf4+ 50. Kg3 Rd4 51. Be6 Kf6 52. Bc8+ Kg5 53.
Rb5+ Nf5+ 54. Kf3 Rf4+ 55. Kg2 Rc4 56. Be6 Re4 57. Bd7 Kf4 58. Rb6 Rd4 59. Be8
Nh4+ 60. Kh3 g5 61. Bb5 Re4 62. Rf6+ Ke5 63. Rh6 Re3# 0-1

[Event "Chess Olympiad 2012"]
[Site "?"]
[Date "????.??.??"]
[Round "6"]
[White "Adams, Michael"]
[Black "Caruana, Fabiano"]
[Result "1/2-1/2"]
[WhiteElo "2722"]
[BlackElo "2773"]
[PlyCount "61"]

1. e4 c5 2. Nf3 Nc6 3. Bb5 d6 4. O-O Bd7 5. Re1 Nf6 6. c3 a6 7. Bf1 Bg4 8. h3
Bxf3 9. Qxf3 e6 10. d3 Be7 11. Nd2 O-O 12. Qd1 Nd7 13. Nf3 Nde5 14. Nh2 d5 15.
f4 Nd7 16. exd5 exd5 17. g3 b5 18. Bg2 Nb6 19. Be3 Rc8 20. Bf2 Re8 21. Rc1 Bd6
22. Rc2 a5 23. Rxe8+ Qxe8 24. Ng4 Qd7 25. d4 cxd4 26. cxd4 Ne7 27. Ne5 Qb7 28.
Bf3 Rxc2 29. Qxc2 Nd7 30. Ng4 g6 31. Kg2 1/2-1/2

[Event "Chess Olympiad 2012"]
[Site "?"]
[Date "????.??.??"]
[Round "6"]
[White "Short, Nigel"]
[Black "Brunello, Sabino"]
[Result "1-0"]
[WhiteElo "2698"]
[BlackElo "2586"]
[PlyCount "97"]

1. c4 e5 2. Nc3 Nf6 3. Nf3 Nc6 4. e3 Bb4 5. Qb3 e4 6. Nd4 Nxd4 7. exd4 Bxc3 8.
dxc3 d6 9. Be2 h6 10. h3 b6 11. Be3 Qe7 12. O-O-O O-O 13. g4 Nh7 14. h4 f5 15.
gxf5 Bxf5 16. Rdg1 Kh8 17. Rg3 Nf6 18. Qd1 c5 19. b3 Rad8 20. Kb2 Rd7 21. Rhg1
Qe6 22. a4 Kh7 23. h5 Kh8 24. R1g2 Bh3 25. Rh2 Bf5 26. Rh4 Bh7 27. Qh1 Rdf7 28.
Rf4 Nd7 29. Rxf7 Rxf7 30. Qh4 Nf6 31. Rg1 Rd7 32. Qf4 Qe8 33. Qh2 Bg8 34. Bf4
Qf8 35. Rd1 d5 36. dxc5 bxc5 37. cxd5 Nxd5 38. Bc4 Rf7 39. Bg3 Rf5 40. Bxd5
Bxd5 41. Qh4 Bg8 42. Qxe4 Qf7 43. c4 Rxh5 44. Ka3 Qf6 45. Re1 Qc3 46. Be5 Qb4+
47. Ka2 Qd2+ 48. Bb2 Qxf2 49. Qg6 1-0

[Event "Chess Olympiad 2012"]
[Site "?"]
[Date "????.??.??"]
[Round "6"]
[White "Djukic, Nikola"]
[Black "Ivanchuk, Vassily"]
[Result "1/2-1/2"]
[WhiteElo "2523"]
[BlackElo "2769"]
[PlyCount "79"]

1. e4 e6 2. d4 d5 3. Nc3 dxe4 4. Nxe4 Nd7 5. Nf3 Ngf6 6. Bg5 h6 7. Nxf6+ Nxf6
8. Be3 Bd6 9. Bc4 a6 10. Ne5 b5 11. Qf3 Rb8 12. Bd3 Bb7 13. Qg3 Kf8 14. f4 Qe8
15. O-O Be4 16. Bd2 g6 17. Rae1 Bxd3 18. Qxd3 h5 19. Re2 Kg7 20. b3 b4 21. Qxa6
Qb5 22. Qxb5 Rxb5 23. c4 bxc3 24. Bxc3 Nd5 25. Be1 Ra8 26. g3 Rb7 27. Nc4 Be7
28. Rf3 Bf6 29. Bf2 Be7 30. Be1 Ba3 31. Nxa3 Rxa3 32. Kg2 Rba7 33. Rff2 f5 34.
Kf3 Kf7 35. Rb2 Ke7 36. Rfc2 R7a4 37. Bf2 Ra8 38. Be1 R8a4 39. Bf2 Ra8 40. Be1
1/2-1/2

[Event "Chess Olympiad 2012"]
[Site "?"]
[Date "????.??.??"]
[Round "6"]
[White "Ponomariov, Ruslan"]
[Black "Blagojevic, Dragisa"]
[Result "1/2-1/2"]
[WhiteElo "2734"]
[BlackElo "2510"]
[PlyCount "68"]

1. e4 e5 2. Nf3 Nc6 3. Bb5 a6 4. Ba4 Nge7 5. c3 g6 6. d4 exd4 7. cxd4 b5 8. Bb3
Bg7 9. d5 Na5 10. Bd2 c5 11. d6 Nec6 12. Bc3 O-O 13. Bd5 Bb7 14. Qd2 Nb4 15.
Bxb7 Nxb7 16. O-O Nc6 17. Bxg7 Kxg7 18. Nc3 b4 19. Na4 Qa5 20. b3 c4 21. Qe3
Nxd6 22. Rad1 cxb3 23. axb3 Nb5 24. Rxd7 Rad8 25. Rd5 Ne7 26. Rc5 Rd6 27. e5
Rd5 28. e6 Nf5 29. Qe4 Rxc5 30. Nxc5 Nc3 31. Qc6 Ne7 32. Qd6 Nf5 33. Qc6 Ne7
34. Qd6 Nf5 1/2-1/2

[Event "Chess Olympiad 2012"]
[Site "?"]
[Date "????.??.??"]
[Round "6"]
[White "Moiseenko, Aleksandr"]
[Black "Kalezic, Blazo"]
[Result "1-0"]
[WhiteElo "2706"]
[BlackElo "2438"]
[PlyCount "89"]

1. d4 d5 2. c4 c6 3. Nf3 Nf6 4. Nc3 e6 5. Bg5 h6 6. Bxf6 Qxf6 7. e3 Nd7 8. Bd3
dxc4 9. Bxc4 Bd6 10. O-O Qe7 11. Ne4 Bc7 12. Rc1 O-O 13. Bb3 Rd8 14. Qc2 Nf6
15. Rfd1 Nxe4 16. Qxe4 Bd7 17. Ne5 Bxe5 18. Qxe5 Be8 19. f4 Rd7 20. Rf1 Rad8
21. Rf3 Qf6 22. Qxf6 gxf6 23. f5 exf5 24. Rc5 f4 25. Rxf4 Re7 26. Kf2 Rd6 27.
Rh5 Bd7 28. Rxh6 Kg7 29. Rh5 f5 30. Bc2 c5 31. Bxf5 Bxf5 32. Rhxf5 Rb6 33. b3
c4 34. Rg4+ Kf8 35. bxc4 Rb2+ 36. Kf3 Rxa2 37. Rc5 a5 38. Rc8+ Re8 39. Rg8+
Kxg8 40. Rxe8+ Kg7 41. c5 a4 42. Rb8 a3 43. Rxb7 Rb2 44. Ra7 a2 45. c6 1-0

[Event "Chess Olympiad 2012"]
[Site "?"]
[Date "????.??.??"]
[Round "6"]
[White "Sasikiran, Krishnan"]
[Black "Gelfand, Boris"]
[Result "1/2-1/2"]
[WhiteElo "2707"]
[BlackElo "2738"]
[PlyCount "85"]

1. d4 d5 2. c4 c6 3. Nf3 Nf6 4. Nc3 e6 5. e3 Nbd7 6. Qc2 Bd6 7. Bd3 O-O 8. O-O
dxc4 9. Bxc4 b5 10. Bd3 Bb7 11. e4 e5 12. Rd1 a6 13. h3 exd4 14. Nxd4 g6 15.
Nf3 Qb8 16. a4 Re8 17. Bg5 Bf4 18. Bh4 Qc7 19. Ne2 Bd6 20. Rac1 Qb6 21. Qd2 c5
22. axb5 axb5 23. Bxb5 Nxe4 24. Qd3 Ba6 25. Nc3 Nxc3 26. Rxc3 Ne5 27. Qxd6
Nxf3+ 28. Rxf3 Qxd6 29. Rxd6 Bxb5 30. Rb3 Ra6 31. Rxa6 Bxa6 32. Bf6 c4 33. Rb4
h5 34. g4 Kf8 35. Kh2 Re6 36. g5 Rc6 37. h4 Ke8 38. Kg3 Kd7 39. Bc3 Kd6 40. Ra4
Bc8 41. Ra5 Ra6 42. Bb4+ Kc7 43. Rxa6 1/2-1/2

[Event "Chess Olympiad 2012"]
[Site "?"]
[Date "????.??.??"]
[Round "6"]
[White "Sutovsky, Emil"]
[Black "Harikrishna, Pentala"]
[Result "1/2-1/2"]
[WhiteElo "2687"]
[BlackElo "2685"]
[PlyCount "63"]

1. e4 e5 2. Nf3 Nc6 3. Bb5 Nf6 4. O-O Nxe4 5. d4 Nd6 6. Bxc6 dxc6 7. dxe5 Nf5
8. Qxd8+ Kxd8 9. h3 Bd7 10. Rd1 Kc8 11. a4 a5 12. g4 Ne7 13. Ra3 Nd5 14. Rad3
Be7 15. c4 Nb6 16. b3 h5 17. Bg5 f6 18. e6 Bxe6 19. Re1 fxg5 20. Rxe6 Bf6 21.
Nbd2 hxg4 22. hxg4 Nd7 23. Ne4 b6 24. Kg2 Rb8 25. Nd4 Kb7 26. Nxc6 Rbe8 27.
Rxe8 Rxe8 28. Nxf6 Nxf6 29. Nd8+ Kc8 30. Nf7 Nxg4 31. Nxg5 Re5 32. Nh3 1/2-1/2

[Event "Chess Olympiad 2012"]
[Site "?"]
[Date "????.??.??"]
[Round "6"]
[White "Bologan, Viktor"]
[Black "Beliavsky, Alexander"]
[Result "1/2-1/2"]
[WhiteElo "2734"]
[BlackElo "2609"]
[PlyCount "79"]

1. e4 e5 2. Nf3 Nc6 3. Bc4 Nf6 4. Ng5 d5 5. exd5 Na5 6. Bb5+ c6 7. dxc6 bxc6 8.
Be2 h6 9. Nh3 Nb7 10. d3 Nc5 11. Ng1 Bd6 12. Nf3 O-O 13. O-O Qc7 14. Nc3 Rd8
15. Qe1 Bf5 16. Be3 Ne6 17. Nd2 Nd5 18. Nde4 Bf8 19. Ng3 Bh7 20. Bg4 Nef4 21.
Nxd5 cxd5 22. Qd1 Rab8 23. Rb1 Qa5 24. a3 Qa4 25. Re1 Rb7 26. Bd2 Bd6 27. Bf3
Rb5 28. Bxf4 exf4 29. Ne2 Be5 30. Qc1 Rc5 31. b3 Qc6 32. Nxf4 Rxc2 33. Nxd5 Qc5
34. Qe3 Bd4 35. Qe8+ Qf8 36. Qxf8+ Kxf8 37. Ne3 Ra2 38. Be2 Bc3 39. Rec1 Bf6
40. Rc2 1/2-1/2

[Event "Chess Olympiad 2012"]
[Site "?"]
[Date "????.??.??"]
[Round "6"]
[White "Le, Quang Liem"]
[Black "Amin, Bassem"]
[Result "1/2-1/2"]
[WhiteElo "2693"]
[BlackElo "2643"]
[PlyCount "103"]

1. Nf3 e6 2. c4 Nf6 3. g3 c5 4. Bg2 Be7 5. O-O Nc6 6. d4 cxd4 7. Nxd4 O-O 8.
Nc3 a6 9. b3 Qc7 10. Bb2 d6 11. Rc1 Nxd4 12. Qxd4 Bd7 13. Rfd1 Rfd8 14. h3 Rac8
15. Qa7 b5 16. Qxa6 bxc4 17. bxc4 Qxc4 18. Qa3 Qc5 19. Nd5 Qxa3 20. Nxe7+ Kf8
21. Bxa3 Rxc1 22. Ng6+ hxg6 23. Bxd6+ Kg8 24. Rxc1 Bb5 25. Bf4 Bxe2 26. a4 Nd5
27. Bd2 Kf8 28. a5 Ke8 29. Rb1 Bd3 30. Rb3 Bc4 31. Rb2 Rc8 32. Rb7 Ba6 33. Ra7
Rc6 34. Bg5 Bd3 35. Ra8+ Kd7 36. Rd8+ Kc7 37. Rg8 f6 38. Rxg7+ Kd6 39. Bh6 g5
40. h4 Rc1+ 41. Kh2 Rc2 42. hxg5 fxg5 43. Rf7 g4 44. Bf8+ Kc6 45. Be7 Bf5 46.
Kg1 Rc1+ 47. Kh2 Rc2 48. Bb4 Rb2 49. Be1 Re2 50. Bb4 Rb2 51. Be1 Re2 52. Bb4
1/2-1/2

[Event "Chess Olympiad 2012"]
[Site "?"]
[Date "????.??.??"]
[Round "6"]
[White "Fressinet, Laurent"]
[Black "Karttunen, Mika"]
[Result "1-0"]
[WhiteElo "2714"]
[BlackElo "2448"]
[PlyCount "73"]

1. d4 Nc6 2. Nf3 d5 3. Bf4 Bg4 4. e3 e6 5. c4 Bb4+ 6. Nc3 Nf6 7. Bg5 O-O 8. Be2
dxc4 9. O-O Bxc3 10. bxc3 Qd5 11. Bxf6 gxf6 12. Nd2 Bxe2 13. Qxe2 b5 14. a4 a6
15. e4 Qd7 16. Qf3 Kg7 17. Rfb1 Rab8 18. axb5 axb5 19. Nf1 f5 20. Ng3 f6 21.
exf5 e5 22. d5 Ne7 23. Rd1 Rb6 24. Ra7 Kh8 25. Ne4 Qxf5 26. Rxc7 Qxf3 27. gxf3
f5 28. d6 fxe4 29. dxe7 Rg8+ 30. Kf1 Rbb8 31. fxe4 Rbe8 32. Rd5 Kg7 33. Rxe5
Kf6 34. Rxb5 Rg4 35. Rxc4 Rxe7 36. f3 Rg8 37. Rc6+ 1-0